Mác người vượt trước thời đại /

Cuốn sách mang tính chất hàn lâm, kinh viện, khách quan chủ nghĩa và đôi khi phiến diện. Ngoài ra cuốn sách còn gợi cho chúng ta nhiều vấn đề bổ ích để chúng ta suy nghĩ nhằm đổi mới nhận thức về học thuyết của Mác theo đường lối đổi mới của Đảng ta....

Deskribapen osoa

Gorde:
Xehetasun bibliografikoak
Egile nagusia: Bexaiđơ, Đanien.
Formatua: Liburua
Hizkuntza:Vietnamese
Argitaratua: Hà Nội : Chính trị quốc gia, 1998.
Gaiak:
Etiketak: Etiketa erantsi
Etiketarik gabe, Izan zaitez lehena erregistro honi etiketa jartzen!
Thư viện lưu trữ: Mạng thư viện Đại học Đà Nẵng
LEADER 01284cam a2200373 i 4500
001 000042875
003 750
005 20030923160015.0
008 010217b1998 vm 000 vie
020 |c 52000 
040 |a IRC  |c IRC  |d IRC 
041 1 |a vie 
082 1 4 |a 921.3  |b BE-Đ 
100 1 |a Bexaiđơ, Đanien. 
245 0 0 |a Mác người vượt trước thời đại /  |c Đanien Bexaiđơ. 
260 |a Hà Nội :  |b Chính trị quốc gia,  |c 1998. 
300 |a 618tr. ;  |c 22cm. 
520 3 |a Cuốn sách mang tính chất hàn lâm, kinh viện, khách quan chủ nghĩa và đôi khi phiến diện. Ngoài ra cuốn sách còn gợi cho chúng ta nhiều vấn đề bổ ích để chúng ta suy nghĩ nhằm đổi mới nhận thức về học thuyết của Mác theo đường lối đổi mới của Đảng ta. 
600 1 5 |a Marx, Karl (Mác, C.),  |d 1818-1883. 
630 0 4 |a Xã hội. 
630 0 4 |a Lịch sử. 
630 0 4 |a Khoa học. 
630 0 4 |a C. Mác. 
650 0 4 |a Marx, Karl (Mác, C.),  |d 1818-1883. 
OWN |a DUT 
999 |a From the UDN01 
TYP |a Monograph 
TYP |a Printed language 
980 |a Mạng thư viện Đại học Đà Nẵng